000 00612nam a2200181 a 4500
005 20140412111251.0
008 000823s19uu xx 00 eng d
020 _a0-06-443299-8
050 _aTR(PS E
_bRi35 1990
100 _aSheppard, Jeff
245 _aRight number of Elephants (The) /
_cstory by Jeff Sheppard ; pictures by Felicia Bond.
260 _aU. S. A :
_bHarperCollins Publishers,
_c1990.
300 _a1 v. (unp.) ; ill.
520 _aA counting book in which a little girl relies on the help of some eager elephants.
650 _aElephants-Fiction
650 _aCounting
999 _c103155
_d103155